000 00293nam a2200109 a 4500
005 20200929163325.0
008 091127s2000 000 spa d
020 _a9993444022
245 0 _aLey No. 241 Régimen jurídico de tránsito de vehículos.
260 _aMoca,
_c2000.
999 _c13329
_d13329
040 _aDO-SdBNP